<?xml version="1.0" encoding="UTF-8"?><?xml-stylesheet type="text/xsl" href="static/style.xsl"?><OAI-PMH xmlns="http://www.openarchives.org/OAI/2.0/" xmlns:xsi="http://www.w3.org/2001/XMLSchema-instance" xsi:schemaLocation="http://www.openarchives.org/OAI/2.0/ http://www.openarchives.org/OAI/2.0/OAI-PMH.xsd"><responseDate>2026-04-13T18:49:51Z</responseDate><request verb="GetRecord" identifier="oai:www.recercat.cat:10256/14499" metadataPrefix="marc">https://recercat.cat/oai/request</request><GetRecord><record><header><identifier>oai:recercat.cat:10256/14499</identifier><datestamp>2024-06-18T13:36:02Z</datestamp><setSpec>com_2072_452955</setSpec><setSpec>com_2072_2054</setSpec><setSpec>col_2072_452958</setSpec></header><metadata><record xmlns="http://www.loc.gov/MARC21/slim" xmlns:dcterms="http://purl.org/dc/terms/" xmlns:xsi="http://www.w3.org/2001/XMLSchema-instance" xmlns:doc="http://www.lyncode.com/xoai" xsi:schemaLocation="http://www.loc.gov/MARC21/slim http://www.loc.gov/standards/marcxml/schema/MARC21slim.xsd">
   <leader>00925njm 22002777a 4500</leader>
   <datafield ind2=" " ind1=" " tag="042">
      <subfield code="a">dc</subfield>
   </datafield>
   <datafield ind2=" " ind1=" " tag="720">
      <subfield code="a">Prieto Martínez, Noelia</subfield>
      <subfield code="e">author</subfield>
   </datafield>
   <datafield ind2=" " ind1=" " tag="720">
      <subfield code="a">Vilagran Martí, Ingrid</subfield>
      <subfield code="e">author</subfield>
   </datafield>
   <datafield ind2=" " ind1=" " tag="720">
      <subfield code="a">Morató Molet, Roser</subfield>
      <subfield code="e">author</subfield>
   </datafield>
   <datafield ind2=" " ind1=" " tag="720">
      <subfield code="a">Rivera del Álamo, Ma. Montserrat</subfield>
      <subfield code="e">author</subfield>
   </datafield>
   <datafield ind2=" " ind1=" " tag="720">
      <subfield code="a">Rodríguez Gil, Joan Enric</subfield>
      <subfield code="e">author</subfield>
   </datafield>
   <datafield ind2=" " ind1=" " tag="720">
      <subfield code="a">Bonet, Sergi</subfield>
      <subfield code="e">author</subfield>
   </datafield>
   <datafield ind2=" " ind1=" " tag="720">
      <subfield code="a">Yeste Oliveras, Marc</subfield>
      <subfield code="e">author</subfield>
   </datafield>
   <datafield ind2=" " ind1=" " tag="260">
      <subfield code="c">info:eu-repo/date/embargoEnd/2026-01-01</subfield>
   </datafield>
   <datafield ind2=" " ind1=" " tag="260">
      <subfield code="c">2017-11-01</subfield>
   </datafield>
   <datafield ind2=" " ind1=" " tag="520">
      <subfield code="a">Cryopreservation is the most suitable method to preserve boar spermatozoa over long-term storage. However, freeze-thawing protocols inflict extensive damage to sperm cells, reducing their viability and compromising their fertilizing ability. In addition, high individual variability is known to exist between boar ejaculates, which may be classified as of good (GFE) or poor (PFE) freezability. While conventional spermiogram parameters fail to predict sperm cryotolerance in fresh spermatozoa, high levels of certain proteins, also known as freezability markers, have been found to be related to the sperm resilience to withstand freeze-thawing procedures. In this context, the hypothesis of this study was that aquaporins AQP3, AQP7, and AQP11 could be linked to boar sperm cryotolerance. Twenty-nine ejaculates were evaluated and subsequently classified as GFE or PFE based upon their sperm viability and motility at post-thawing. Fourteen ejaculates resulted to be GFE, whereas the other fifteen were found to be PFE. Relative abundances of AQP3, AQP7, and AQP11 and their localization patterns were evaluated in all fresh and frozen-thawed ejaculates through immunoblotting and immunocytochemistry. Prior to cryopreservation, relative amounts of AQP3 and AQP7 were found to be significantly (p &lt; 0.05) higher in GFE than in PFE. In contrast, no significant differences (p > 0.05) between freezability groups were found for AQP11, despite GFE tending to present higher levels of this protein. The localization of AQP7, but not that of AQP3 or AQP11, was observed to be affected by cryopreservation procedures. In conclusion, these results suggest that AQP3 and AQP7 are related to boar sperm cryotolerance and may be used as freezability markers</subfield>
   </datafield>
   <datafield ind2=" " ind1=" " tag="520">
      <subfield code="a">The authors acknowledge the support from Ministry of Economy and Competitiveness, Spain (Grants: AGL2013-47798-P and RYC-2014-15581)</subfield>
   </datafield>
   <datafield ind1="8" ind2=" " tag="024">
      <subfield code="a">http://hdl.handle.net/10256/14499</subfield>
   </datafield>
   <datafield tag="653" ind2=" " ind1=" ">
      <subfield code="a">Senglar -- Espermatozoides -- Criopreservació</subfield>
   </datafield>
   <datafield tag="653" ind2=" " ind1=" ">
      <subfield code="a">Wild boar -- Spermatozoa -- Cryopreservation</subfield>
   </datafield>
   <datafield tag="653" ind2=" " ind1=" ">
      <subfield code="a">Aquaporines</subfield>
   </datafield>
   <datafield tag="653" ind2=" " ind1=" ">
      <subfield code="a">Aquaporins</subfield>
   </datafield>
   <datafield tag="653" ind2=" " ind1=" ">
      <subfield code="a">Porcs -- Espermatozoides -- Investigació</subfield>
   </datafield>
   <datafield tag="653" ind2=" " ind1=" ">
      <subfield code="a">Swine -- Spermatozoa -- Research</subfield>
   </datafield>
   <datafield ind2="0" ind1="0" tag="245">
      <subfield code="a">Relationship of aquaporins 3 (AQP3), 7 (AQP7), and 11 (AQP11) with boar sperm resilience to withstand freeze-thawing procedures</subfield>
   </datafield>
</record></metadata></record></GetRecord></OAI-PMH>